000 00557nam a2200205Ia 4500
005 20250923144639.0
008 008 250917s9999 xx 000 0 eng d
037 _aTextual
040 _aDSWL
_beng
_cDSWL
041 _aeng
_2eng
084 _aY1z7, J8
_qDSWL
245 0 _aSocial perspectives on behavior
_cEd. by H.D. Stein
260 _aGlencoe
_b Free Press Pub.
_c1958
300 _axix,666p.
365 _aUSD
_b7.5
700 _aEd.R.A.Cloward
_9826967
925 _g7.5
942 _cTEXL
_hY1z7, J8
999 _c1441587
_d1441587